Statistics for Every Ground Type Pokemon

Click here to take the quiz!

General Stats

  • This quiz has been taken 5 times
  • The average score is 4 of 69

Answer Stats

HintAnswer% Correct
Onix
67%
Cubone
33%
Gligar
33%
Gliscor
33%
Hippopotas
33%
Hippowdon
33%
Nidoking
33%
Nidoqueen
33%
Rhydon
33%
Rhyhorn
33%
Rhyperior
33%
Sandile
33%
Baltoy
0%
Barboach
0%
Camerupt (Mega Camerupt)
0%
Claydol
0%
KalosDiggersby
0%
Diglett (Kantoian and Alolan)
0%
Donphan
0%
UnovaDrilbur
0%
Dugtrio (Kantoian and Alolan)
0%
Excadrill
0%
Flygon
0%
Gabite
0%
Garchomp (Mega Garchomp)
0%
Gastrodon (East and West Seas)
0%
Geodude (Kantoian)
0%
Gible
0%
Golem (Kantonian)
0%
Golett
0%
Golurk
0%
Graveler (Kantonian)
0%
Groudon (Primal Groudon)
0%
Krokorok
0%
Krookodile
0%
Landorus (Incarnate and Therian Forms)
0%
Larvitar
0%
Mamoswine
0%
Marowak (Kantoian)
0%
HoennMarshtomp
0%
AlolaMudbray
0%
Mudsdale
0%
Nincada
0%
Numel
0%
Palossand
0%
Palpitoad
0%
Phanpy
0%
Piloswine
0%
Pupitar
0%
Quagsire
0%
Runerigus
0%
Sandaconda
0%
KantoSandshrew (Kantoian)
0%
Sandslash (Kantoian)
0%
Sandygast
0%
Seismitoad
0%
GalarSilicobra
0%
Steelix (Mega Steelix)
0%
Stunfisk (Unovian and Galarian)
0%
Swampert (Mega Swampert)
0%
Swinub
0%
SinnohTorterra
0%
Trapinch
0%
Vibrava
0%
Whiscash
0%
JohtoWooper
0%
Wormadam (Sandy Cloak)
0%
Yamask (Galarian)
0%
Zygarde (10%, 50% and 100%)
0%

Score Distribution

Percentile by Number Answered

Percent of People with Each Score

Your Score History

You have not taken this quiz